|
|
|
|
| LEADER |
00000nam a2200000Ia 4500 |
| 008 |
170526b1992 cr ||||| |||| 00| | spa d |
| 999 |
|
|
|c 1269
|d 1269
|
| 090 |
|
|
|a 04.01.02
|b 379
|
| 110 |
2 |
|
|9 585
|a Universidad de Costa Rica
|
| 245 |
1 |
0 |
|a Convención colectiva de trabajo
|
| 260 |
|
|
|a San José, Costa Rica :
|b Oficina de Publicaciones de la Universidad de Costa Rica,
|c 1992
|
| 300 |
|
|
|a 79 páginas
|
| 610 |
2 |
4 |
|a UNIVERSIDAD DE COSTA RICA
|9 714
|
| 650 |
1 |
4 |
|a LEGISLACION DEL TRABAJO
|
| 650 |
1 |
4 |
|a TRABAJO
|9 886
|
| 650 |
1 |
4 |
|a EMPLEADOS PÚBLICOS
|9 2869
|
| 650 |
1 |
4 |
|a SINDICATOS
|9 934
|
| 650 |
1 |
4 |
|9 2846
|a SALARIOS
|
| 942 |
|
|
|i 00462 ,00543
|h 04.01.02 379
|2 z
|c 01
|